| 000 | 00767cam a2200277 4500 | ||
|---|---|---|---|
| 001 | 7814 | ||
| 003 | BD-RjUL | ||
| 005 | 20211208234459.0 | ||
| 008 | 140115s1954 pau 000 0 eng d | ||
| 035 | _a(OCoLC)576821 | ||
| 035 | _a(OCoLC)ocm00576821 | ||
| 035 | _a(BD-RjUL)7858 | ||
| 035 | _a(NNC)891660 | ||
| 040 |
_cUPB _dUPB _dNNC _dNNC _aBD-RjUL _beng |
||
| 041 | _aeng | ||
| 082 | 0 | 0 |
_a425 _bMYA 1954 |
| 090 |
_aZ1231.D5 _bB7 |
||
| 100 | 1 |
_aMyers, L.M _d1923- _924382 |
|
| 245 | 1 | 0 |
_aAmerican English : _bA Twentieth-Century Grammar / _cby Myers,L.M. |
| 260 |
_aNew York : _bPrentice-Hall , _c1952 [Printing1954] |
||
| 300 |
_a237 p. ; _c22 cm. |
||
| 504 | _aIncludes Index | ||
| 650 |
_aEnglish Grammar _9150719 |
||
| 942 |
_2ddc _cBK |
||
| 999 |
_c7814 _d7814 |
||